[Event "Haringey Masters"]
[Site "Muswell Hill London"]
[Date "1988.??.??"]
[Round "?"]
[White "Ward, Christopher"]
[Black "Kouatly, Bachar"]
[Result "0-1"]
[WhiteElo "2325"]
[BlackElo "2440"]
[PlyCount "76"]
[EventDate "1988.07.21"]
[EventType "schev"]
[EventRounds "9"]
[EventCountry "ENG"]
[SourceTitle "BritBase"]
[Source "John Saunders"]
[SourceDate "2020.09.07"]
[SourceVersion "1"]
[SourceVersionDate "2020.09.07"]
[SourceQuality "2"]

1. d4 Nf6 2. c4 g6 3. Nc3 d5 4. cxd5 Nxd5 5. Bd2 Nb6 6. Nf3 Bg7 7. e3 O-O 8.
Be2 Nc6 9. O-O e5 10. dxe5 Nxe5 11. Nxe5 Bxe5 12. Qc2 c6 13. Rad1 Qe7 14. Bc1
a5 15. f4 Bg7 16. e4 Qc5+ 17. Kh1 a4 18. f5 Re8 19. Bf4 Be5 20. Qd2 a3 21. Bxe5
Qxe5 22. f6 Nd7 23. Rf5 Qe6 24. Rdf1 Kh8 25. Qh6 Rg8 26. R5f4 g5 27. Bg4 Qc4
28. Be2 Qb4 29. Rf5 Rg6 30. Qh5 axb2 31. Nb1 Qxe4 32. R5f2 Nxf6 33. Rxf6 Rxf6
34. Rxf6 Qxb1+ 35. Bf1 Be6 36. Qxg5 Qe4 37. Rf4 Qxf4 38. Qxf4 b1=Q 0-1

[Event "Haringey Masters"]
[Site "Muswell Hill London"]
[Date "1988.??.??"]
[Round "?"]
[White "Winants, Luc"]
[Black "Jacobs, Byron A"]
[Result "0-1"]
[WhiteElo "2450"]
[BlackElo "2320"]
[PlyCount "64"]
[EventDate "1988.07.21"]
[EventType "schev"]
[EventRounds "9"]
[EventCountry "ENG"]
[SourceTitle "BritBase"]
[Source "John Saunders"]
[SourceDate "2020.09.07"]
[SourceVersion "1"]
[SourceVersionDate "2020.09.07"]
[SourceQuality "2"]

1. Nf3 Nf6 2. c4 e6 3. d4 Bb4+ 4. Nbd2 O-O 5. a3 Bxd2+ 6. Qxd2 b6 7. e3 Bb7 8.
b4 d6 9. Bb2 Nbd7 10. Bd3 Ne4 11. Qc2 f5 12. O-O Qe8 13. Rad1 Ndf6 14. Ne1 a5
15. f3 Ng5 16. b5 Qe7 17. Qf2 Rae8 18. Nc2 Bxf3 19. Rde1 Be4 20. Bxe4 Ngxe4 21.
Qe2 Ng4 22. Rf3 Qh4 23. h3 Nh6 24. Rd1 g5 25. Qe1 Qh5 26. Rf1 g4 27. h4 g3 28.
Rf4 Ng4 29. Kf1 Nh2+ 30. Kg1 Ng4 31. Kf1 Qxh4 32. Ke2 Qh5 0-1